| 000 | 00784cam a2200241 a 4500 | ||
|---|---|---|---|
| 001 | 000005260 | ||
| 005 | 20200929151626.0 | ||
| 008 | 920313s1990 sp a 001 p spa | ||
| 020 | _a8437609682 | ||
| 040 |
_aDO-SdBNP _cDLC |
||
| 082 |
_a861.3 _bH967p |
||
| 100 | 1 |
_aHurtado de Mendoza, Diego, _d1503-1575. _915005 |
|
| 245 | 1 | 0 |
_aPoesía / _cDiego Hurtado de Mendoza ; edición, Luis F. Díaz Larios y Olga Gete Carpio. |
| 260 |
_aMadrid : _bCátedra, _c1990. |
||
| 300 |
_a405 p. : _bil. ; _c18 cm. |
||
| 440 | 0 |
_aLetras hispánicas ; _v328 _94208 |
|
| 650 | 4 |
_aPoesía española _9631 |
|
| 650 | 4 |
_aLiteratura española _9632 |
|
| 700 | 1 |
_aDíaz Larios, Luis F., _eed. _915006 |
|
| 700 | 1 |
_aGete Carpio, Olga, _eed. _915007 |
|
| 910 | _aCatalogación por copia / LC | ||
| 910 | _aWM | ||
| 999 |
_c5061 _d5061 |
||